РУССКОЕ народное поэтическое творчество (Запис номер 344161)
[ съкратено ]
| 000 -Лидер | |
|---|---|
| Контролно поле с фиксирана дължина | 01199nam a2200289 c 4500 |
| 003 - Код на организацията, давaща контролен номер | |
| Контролно поле | BLK |
| 005 - Дата и час на последна редакция | |
| Контролно поле | 20200427104136.0 |
| 008 - Елементи от данни с фиксирана дължина | |
| fixed length control field | 180911b bul|||||r ||||||| ||bul|| |
| 010 ## - Наследен системен номер | |
| LC control number | 003825 |
| 040 ## - Източник на каталожния запис | |
| Идентификатор на билиотеката - собственик на записа | BLK |
| 041 ## - Код за език | |
| Код за езика на текст/звукозапис или на отделно заглавие | Руски |
| Код за езика КДБФ | Български |
| 080 ## - УДК | |
| УДК - код + определител | 882-1.09 |
| 100 1# - Редна дума - Автор | |
| Авторска отговорност | първи автор |
| R(LIN) | 398265 |
| 245 10 - Сведения за заглавието | |
| Заглавие | РУССКОЕ народное поэтическое творчество |
| 246 ## - Различни форми на заглавието | |
| Паралелно заглавие | Уч. пособие для филологических фак. пед. инст. |
| Подзаглавни данни | РУССКОЕ народное поэтическое творчество |
| 260 ## - Област на издателските данни | |
| Място на издаване, разпространение и проч. | Москва |
| Име на издателя, разпространителя и проч. | Просвещение |
| Година на издаване | 1971 |
| 300 ## - Физическа характеристика | |
| Страници | 384 с |
| Илюстрации и др. | с ил. |
| Размери/Мащаб | 22 см |
| 380 ## - Жанр | |
| Жанр | Литературознание |
| 490 ## - СЕРИИ (Колекции) | |
| Име на серия | Частна колекция - Академик Михаил Арнаудов |
| Бележки за серията | Дарение - Основен фонд |
| 500 ## - Общи забележки | |
| Забележка | Автограф с текст: Академику Михаилу Арнаудову с искренним уважением, 22. VIII. 1971 г., Н. Кравцов |
| 650 #4 - Допълнително описание по предмет – тема | |
| Основно описание – тема или топоним | Етнология |
| 9 (RLIN) | 155182 |
| 650 ## - Допълнително описание по предмет – тема | |
| Основно описание – тема или топоним | Фолклор |
| 9 (RLIN) | 175904 |
| 655 ## - Ключова дума – жанр/разновидност | |
| Данни за жанр/разновидност или ключова дума за фокус | Литературознание |
| 700 1# - Други автори (авторска отговорност) | |
| Лично име | Н. И. Кравцов |
| Автороска отговорност (Описва отношението между автора и произведението) | Под ред. |
| 9 (RLIN) | 398266 |
| 852 ## - Местоположение | |
| Форматна сигнатура | МА 1527 |
| Фондова буква | Фонд "Михаил Арнаудов" |
| 999 ## - СИСТЕМНИ КОНТРОЛНИ НОМЕРА | |
| Koha biblionumber | 344161 |
| Koha biblioitemnumber | 344161 |
| 942 ## - АРТИКУЛИ | |
| Вид на библиотечния материал | Книги |
| Скрит в OPAC | Не |
| Периодичен библиозапис | Да |
| 944 ## - СЪЗДАВАНЕ И РЕДАКЦИЯ на ЗАПИСА | |
| Създаване/Редакция | Създаване |
| Дата на регистрацията/редакция | 1996 |
| Служител, извършил регистрацията/редакцията | ValK |
| 999 ## - СИСТЕМНИ КОНТРОЛНИ НОМЕРА | |
| Koha biblioitemnumber | 344161 |
| 999 ## - СИСТЕМНИ КОНТРОЛНИ НОМЕРА | |
| Koha biblioitemnumber | 344161 |
| Код за отписване | Код за изгубен артикул | Източник на класификационната схема | Код за повреда | Коз за рестрикции | Код за отдаване | Артикулен № | Име на библиотеката - собственик | Име на библиотеката, в която се намира в момента | Статус (Текущо местоположение) | Местоположение - отдел | Цена в лева | Номерация (Хронология) | Инвентарен номер | Систематично азбучна сигнатура | Баркод | Номер на екземпляра | Цена в евро | Служебен тип на артикула |
|---|---|---|---|---|---|---|---|---|---|---|---|---|---|---|---|---|---|---|
| Не е изгубен | Universal Decimal Classification | Не е повреден | без рестрикции | Специални фондове ( старопечатни, редки и ценни, фонд М. Арнаудов) | 744521 | Регионална библиотека "Любен Каравелов" Русе | Регионална библиотека "Любен Каравелов" Русе | Фонд "Михаил Арнаудов" | Фонд "Михаил Арнаудов" | 36.00 | Автограф: Н. Кравцов | 588831 | МА 1527 | 120000588831 | 1 | 18.41 | Книги |